000 00977nam a22001817a 4500
999 _c59113
_d59113
003 Ge_BSU
005 20221128105453.0
008 221128sge xxu||||| |||| 00| 0 geo d
041 _ageo
080 _a94(100)"1939-1945" მ-86
100 _aმოსლი, ლეონარდ, ავტ.
_916134
245 _aდაკარგული დრო :
_b[ნაშრომი მეორე მსოფ. ომის წარმოშობის მიზეზებზე] /
_cლეონარდ მოსლი ; მთარგმ. ინგლისურიდან და ბოლოსიტყვ. ავტ. ალ. ჩიკვაიძე
264 _aთბილისი:
_b მერანი,
_c1982.
300 _a423 გვ. ;
_b20 სმ.
653 _a1939-1945 წლები -- მეორე მსოფლიო ომი.
700 _aჩიკვაიძე, ალ.
_eმთარგმნელი
_916135
942 _2udc
_cBK